LEADER 01439nam 2200409 450 001 000007993 005 20070503173100.0 010 $a2-204-04595-0 100 $a20010326d1992----km-y0itay0103----ba 101 0 $afre 102 $aFR 200 1 $aDiscours 42-43$fGrégoire de Nazianze$gintroduction, texte critique, traduction et notes par Jean Bernardi 200 1 $a1 $n0001018 210 $aParis$c<> editions du cerf$d1992 215 $a323 p.$d20 cm. 225 1 $aSources Chrétiennes$v384 300 $aTesto greco a fronte 676 $a251$v(20. ed.)$9Chiesa cristiana e comunità. Predicazione (Omiletica) 700 0$aGregorius$c: Nazianzenus$c$0172537 702 1$aBernardi,$bJean 801 0$aIT$bUniversità della Basilicata - B.I.A.$gRICA$2unimarc 912 $a000007993 996 $aOrationes$921892 997 $aUNIBAS BAS $aMONLET BAS $aMONOGR BAS $aLETTERE CAT $aLAMORTE$b01$c20010326$lBAS01$h1720 CAT $aDILEO$b20$c20010926$lBAS01$h1618 CAT $c20050601$lBAS01$h1754 CAT $abatch$b01$c20050718$lBAS01$h1049 CAT $c20050718$lBAS01$h1108 CAT $c20050718$lBAS01$h1138 CAT $c20050718$lBAS01$h1153 CAT $aBATCH$b00$c20070503$lBAS01$h1731 FMT Z30 -1$lBAS01$LBAS01$mBOOK$1BASA1$APolo Storico-Umanistico$2GEN$BCollezione generale$3FP/91833$691833$5L91833$820010328$e323$f02$FPrestabile Generale